000 00693nam a2200241 i 4500
001 8003
003 ES-MaACL
005 20230906145346.0
007 t|
008 910619s1989 xxu ||||1| eng d
020 _a0-674-06778-9
080 _a7 Berlioz
080 _a78(44)"1803/1869"Berlioz
080 _a92 Berlioz
100 1 _aHoloman, D. Kern.
_964068
245 1 0 _aBerlioz /
_cD. Kern Holoman.
260 _aCambridge, Massachusetts :
_bHarvard University Press,
_c1989.
300 _a687 p. :
_bil. ;
_c24 cm.
500 _aIndices.
504 _aBibliogr.: p. 629-645.
600 1 4 _aBerlioz, Hector-
_xBiografĂ­as.
_928068
852 _aES-MaACL
_jL-15220
_bR.119681
_z. - tela
999 _c8003
_d8003